Weltgeschichte der Prostitution: Von den Anfängen bis zum Beginn des 20.Jahrhunderts. Band 1 und 2.

Saved in:  
Bibliographic Details
Main Author: Lacroix, Paul 1806-1884 (Author)
Format: Print Book
Language:German
Published: Frankfurt Eichborn 1995
In:Year: 1995
Check availability: HBZ Gateway
Subito Delivery Service: Order now.
Keywords:

MARC

LEADER 00000cam a22000002c 4500
001 1522011927
003 DE-627
005 20220603164422.0
007 tu
008 151116s1995 xx ||||| 00| ||ger c
035 |a (DE-627)1522011927 
035 |a (DE-576)452011922 
035 |a (DE-599)BSZ452011922 
040 |a DE-627  |b ger  |c DE-627  |e rakwb 
041 |a ger 
100 1 |a Lacroix, Paul  |d 1806-1884  |0 (DE-588)104045124  |0 (DE-627)133398382  |0 (DE-576)161884636  |4 aut 
109 |a Lacroix, Paul 1806-1884  |a Dufour, Paul 1806-1884  |a LeBibliophile, Jacob 1806-1884  |a Lacroix, Paul Jacob 1806-1884  |a Lacroix 1806-1884  |a Lacrois, Paul 1806-1884  |a Dufour, Pierre 1806-1884  |a Le Bibliophile, Jacob 1806-1884  |a Jacob Bibliophile 1806-1884  |a Jacob le bibliophile 1806-1884  |a Bibliophile, Jacob 1806-1884 
245 1 0 |a Weltgeschichte der Prostitution  |b Von den Anfängen bis zum Beginn des 20.Jahrhunderts. Band 1 und 2.  |c Dufour (Pseud.) 
264 1 |a Frankfurt  |b Eichborn  |c 1995 
336 |a Text  |b txt  |2 rdacontent 
337 |a ohne Hilfsmittel zu benutzen  |b n  |2 rdamedia 
338 |a Band  |b nc  |2 rdacarrier 
583 1 |a Archivierung prüfen  |c 20200919  |f DE-640  |z 1  |2 pdager 
951 |a BO 
ELC |b 1 
LOK |0 000 xxxxxcx a22 zn 4500 
LOK |0 001 2873318171 
LOK |0 003 DE-627 
LOK |0 004 1522011927 
LOK |0 005 20151116135824 
LOK |0 008 150728||||||||||||||||ger||||||| 
LOK |0 035   |a (DE-21-110)kd55209 
LOK |0 040   |a DE-21-110  |c DE-627  |d DE-21-110 
LOK |0 689   |a s  |a Prostitution 
LOK |0 689   |a s  |a Geschichte 
LOK |0 852   |z Kein Bestand am IfK; Nachweis für KrimDok 
LOK |0 852   |a DE-21-110 
LOK |0 852 1  |9 00 
LOK |0 935   |a k110 
LOK |0 939   |a 28-07-15  |b l01 
ORI |a SA-MARC-krimdoka001.raw